Flags with Weapons on Them - Statistics

General Stats
  • This quiz has been taken 668 times
    282 since last reset
  • The average score is 11 of 12
Answer Stats
Picture Answer % Correct
Saudi Arabia
98%
Iran
96%
Kenya
96%
Barbados
94%
Sri Lanka
94%
Angola
93%
Eswatini
86%
Mozambique
86%
Guatemala
84%
Haiti
84%
Oman
83%
Belize
81%
No matching quizzes found
Score Distribution
Percent of People with Each Score
Percentile by Number Answered
Your Score History
You have not taken this quiz since the last reset